| 000 | 01035nam a2200289 4500 | ||
|---|---|---|---|
| 003 | EG-GICUC | ||
| 005 | 20260411100802.0 | ||
| 008 | 260411s1932 Fr |||f |||| 00| 0 Fre d | ||
| 040 |
_a EG-GICUC _bfre _c EG-GICUC _d EG-GICUC _erda |
||
| 082 | 0 | 4 |
_a341.33 _bI N . C _221 |
| 092 | 0 | 4 | _221 |
| 099 | _aLaw1 11 341.33 I N . C 1932 | ||
| 110 | _kInstitut Des Hautes Etudes Internationales | ||
| 245 |
_a Cours Sténoģaphié de M. Le Professeur André Tibal : _bHistoire Diplomatique Contemporaine (1919-1924) / _cPar Institut Des Hautes Etudes Internationales. |
||
| 264 |
_aParis: _bdu Centre Européen de la Dotation Carnegie, _c1932. |
||
| 300 |
_a599 Pages; _c24 Cm. |
||
| 336 |
_2rda content _atext |
||
| 337 |
_2rda media _aComputer |
||
| 338 |
_2rda carrier _aOnline Resource |
||
| 546 | _aTexte en français | ||
| 650 | 1 | 4 | _aDroit international Public |
| 651 | 1 | _2qrmak | |
| 700 | 1 |
_aTibal André _ePréfacier |
|
| 856 | 4 | 0 | _uhttps://fll.law.cu.edu.eg/fulltext/bks/B11-06891.pdf |
| 905 | _a64 | ||
| 942 |
_2ddc _cBK _e21 _n0 |
||
| 999 |
_c70008 _d70008 |
||